000 01326nam a2200301Ia 4500
005 20220317000953.0
008 160825s2007 mx a g 000 0 spa
020 _a97896816454012
100 1 _aMartin, Ann Matthews
_d1955-
245 1 0 _aMa y Pa drácula
_cAnn Martin ; ilustraciones Antonio Helguera ; traducción Mónica Mansour
250 _a2a. edición
_b9a. reimpresión
300 _a118 páginas
_bilustraciones en blanco y negro
_c18 cm
490 _aA la orilla del viento
505 _aLa mudanza |t Tobi -- La escuela primaria Littleton -- Mamá y papá Drácula -- ¿Qué es una cafetería? -- ¡No muerdas! -- La noche más pavorosa del año -- Plata y ajo -- El depósito está vacío -- Otra mudanza
650 1 4 _2LEMB
_aNovela juvenil estadounidense
_ySiglo XX
650 1 4 _2LEMB
_aLiteratura juvenil estadounidense
_ySiglo XX
650 1 4 _2LEMB
_aVampiros en la literatura
650 1 4 _2LEMB
_aFamilia en la literatura
700 1 _aHelguera, Antonio
_eilustrador
_912403
700 1 _aMansour, Mónica
_etraductor
_963844
942 _2loc
_cBKLIT
264 _aMéxico
_bFondo de Cultura Económica
_c2007
336 _atexto
_btxt
_2rdacontent
337 _asin mediación
_bn
_2rdamedia
338 _avolumen
_bnc
_2rdacarrier
040 _aCO-BoRNBP
_bspa
_erda
_cCO-BoRNBP
084 _aN MAR7
999 _c5552
_d5552